| 000 | 00832nab a2200409 a 4500 | ||
|---|---|---|---|
| 001 | 148488 | ||
| 003 | 241884 | ||
| 005 | 20240712165046.0 | ||
| 008 | 151126n ||||||||| 000 0 spa d | ||
| 082 | _a658 | ||
| 100 | _aZuluaga Uribe, Gonzalo | ||
| 245 | 0 | _aMercadeo | |
| 562 | _e1 | ||
| 650 | _aADMINISTRACIÓN DE EMPRESAS | ||
| 650 | _aMERCADEO | ||
| 773 |
_0148486 _aAdministre su empresa : |
||
| 942 | _cBKM | ||
| 999 |
_c148488 _d148488 |
||
| 526 | _a17598 | ||
| 526 | _a102617 | ||
| 526 | _a102618 | ||
| 526 | _a15794 | ||
| 526 | _a102620 | ||
| 526 | _a10406 | ||
| 526 | _a105630 | ||
| 526 | _a1698 | ||
| 526 | _a116204 | ||
| 526 | _a4969 | ||
| 526 | _a19790 | ||
| 526 | _a104436 | ||
| 526 | _a5144 | ||
| 526 | _a51868 | ||
| 526 | _a3899 | ||
| 526 | _a9683 | ||
| 526 | _a | ||
| 526 | _a1703 | ||
| 526 | _a1697 | ||